00526nam a2200193 a 4500001001300000003000900013005001700022008004100039020001000080082002100090100002600111245004600137260003600183300000900219500003500228505001400263650002900277700002600306nice12345678IN_TiNIC20260116011400.0050524s1925 dela grp 000 0 urd  ac0.500a305.6945097bNIZ aNizami, Khawaja Hasan aTablighi Ishtaharon Ka Majmooa and Other. aDelhibMatbua Barqi Pressc1925 a132p aincludes index and biblioraphy2 areference aIslam-Relations Hinduism1 aNizami, Khawaja Hasan